Loading...
| Fine Arts - Classical Music | 4 | 17.50 | 100% | 75% | 0% |
| Fine Arts - Other | 5 | 14.00 | 100% | 40% | 0% |
| Fine Arts - Painting and Sculpture | 6 | 13.33 | 100% | 33% | 0% |
| Geography | 2 | 20.00 | 100% | 50% | 50% |
| History - American | 5 | 14.00 | 100% | 40% | 0% |
| History - European | 4 | 17.50 | 100% | 75% | 0% |
| History - Other | 6 | 20.00 | 100% | 67% | 33% |
| History - World | 3 | 10.00 | 67% | 33% | 0% |
| Literature - American | 4 | 17.50 | 100% | 50% | 25% |
| Literature - British | 5 | 12.00 | 100% | 20% | 0% |
| Literature - European | 4 | 10.00 | 100% | 0% | 0% |
| Literature - World | 6 | 18.33 | 100% | 67% | 17% |
| Mythology | 1 | 10.00 | 100% | 0% | 0% |
| Other Academic | 1 | 30.00 | 100% | 100% | 100% |
| Philosophy | 3 | 23.33 | 100% | 100% | 33% |
| Pop Culture | 2 | 25.00 | 100% | 100% | 50% |
| Religion | 6 | 15.00 | 100% | 33% | 17% |
| Science - Biology | 2 | 15.00 | 100% | 0% | 50% |
| Science - Chemistry | 6 | 13.33 | 100% | 17% | 17% |
| Science - Other | 6 | 13.33 | 100% | 33% | 0% |
| Science - Physics | 3 | 16.67 | 100% | 67% | 0% |
| Social Science | 5 | 14.00 | 100% | 40% | 0% |